header

Playing with time (Record no. 193003)

MARC details
000 -LEADER
fixed length control field 01227nam a2200325Ia 4500
100 1# - MAIN ENTRY--AUTHOR NAME
Personal name Mace, Jane.
245 10 - TITLE STATEMENT
Title Playing with time
260 ## - PUBLICATION, DISTRIBUTION, ETC. (IMPRINT)
Place of publication London ;
-- Philadelphia, PA :
Name of publisher UCL Press,
Year of publication 1998.
300 ## - PHYSICAL DESCRIPTION
Number of Pages ix, 185 p. :
Other physical details ill.
650 #0 - SUBJECT ADDED ENTRY--TOPICAL TERM
Topical Term Mother and child.
Topical Term Literacy.
Topical Term Mothers
Topical Term Reading
856 40 - ELECTRONIC LOCATION AND ACCESS
Uniform Resource Identifier http://site.ebrary.com/lib/rucke/Doc?id=10100104

No items available.

© 2026 Rongo University
Contact us: librarian | system librarian | Rongo university